| 000 | 00787nam a2200205 a 4500 | ||
|---|---|---|---|
| 005 | 20220524063615.0 | ||
| 008 | 991125s1971 mx 000 0 spa u | ||
| 035 | _aUPN01000013171 | ||
| 049 | _aLT | ||
| 050 | 4 |
_aLB1645 M6.1 _bP7.2 1971 |
|
| 100 | 1 |
_aPreciado Cisneros, Miguel _929878 |
|
| 245 | 1 | 0 |
_aCurso de matemáticas : _blibro primero / _cMiguel Preciado Cisneros y Carlos Toral Gutiérrez |
| 260 |
_aMéxico : _bProgreso, _c1971 |
||
| 300 |
_a320 P. : _bil., col. |
||
| 500 | _a"Aprobado por la Secretaría de Educación como libro de texto para las escuelas secundarias 1966. De acuerdo con los programas oficiales" | ||
| 650 | 4 |
_aMatemáticas _xEstudio y enseñanza (Secundaria) _94860 |
|
| 700 | 2 |
_aToral Gutiérrez, Carlos, _ecoaut. |
|
| 904 |
_aAC _b013172 |
||
| 905 | _aLibro | ||
| 999 |
_c13171 _d13171 |
||